[Event "Ruhrgebiet Bezirksliga 15/16"]
[Site "Ruhrgebiet"]
[Date "2015.08.30"]
[Round "1.3"]
[White "Baschin, Wolf Hajo"]
[Black "Bergmann, Ricardo"]
[Result "1/2-1/2"]
[WhiteElo "1564"]
[BlackElo "1744"]
[PlyCount "43"]
[EventDate "2015.08.30"]
[EventType "team-tourn"]
[EventRounds "9"]
[EventCountry "GER"]
[SourceTitle "EXT 2022"]
[Source "ChessBase"]
[SourceDate "2021.10.06"]
[SourceVersion "1"]
[SourceVersionDate "2021.10.06"]
[SourceQuality "1"]
[WhiteTeam "Hamm SVg II"]
[BlackTeam "Werl SC 1981"]
[WhiteTeamCountry "GER"]
[BlackTeamCountry "GER"]

1. d4 d5 2. Bf4 e6 3. Nf3 Ne7 4. e3 Ng6 5. Bg3 Bd6 6. Bd3 b6 7. Nbd2 Bb7 8. c3 Qe7 9. Qc2 Nd7 10. e4 Bxg3 11. hxg3 0-0-0 12. 0-0-0 Kb8 13. Kb1 Rc8 14. Rde1 dxe4 15. Bxe4 c6 16. Re3 Nf6 17. Ne5 Nxe4 18. Nxe4 c5 19. Qe2 cxd4 20. cxd4 Rc7 21. Nxg6 fxg6 22. Nc3 1/2-1/2

[Event "Ruhrgebiet VK3 1112"]
[Site "Nordrheinwestfalen"]
[Date "2012.01.08"]
[Round "5"]
[White "Sohraby, Azizollah"]
[Black "Bergmann, Ricardo"]
[Result "1-0"]
[WhiteElo "2109"]
[BlackElo "1780"]
[PlyCount "99"]
[EventDate "2012.09.18"]
[EventType "team-tourn"]
[EventRounds "9"]
[EventCountry "GER"]
[SourceTitle "EXT 2020"]
[Source "ChessBase"]
[SourceDate "2019.10.17"]
[SourceVersion "1"]
[SourceVersionDate "2019.10.17"]
[SourceQuality "1"]
[WhiteTeam "Brackel SF II"]
[BlackTeam "Werl SC 1981"]
[WhiteTeamCountry "GER"]
[BlackTeamCountry "GER"]

1. e4 c5 2. Nf3 Nc6 3. d4 cxd4 4. Nxd4 g6 5. Nc3 Bg7 6. Be3 d6 7. Qd2 Nf6 8. f3 0-0 9. Bc4 Nxd4 10. Bxd4 Be6 11. Bb3 Bxb3 12. axb3 a6 13. g4 Nd7 14. h4 Bxd4 15. Qxd4 Qb6 16. Qxb6 Nxb6 17. 0-0-0 Rfd8 18. f4 e6 19. Rd3 Rd7 20. h5 Rad8 21. hxg6 fxg6 22. Ne2 d5 23. exd5 Rxd5 24. Re3 R8d6 25. Nc3 Rd4 26. Ne4 Nd5 27. Ree1 Rc6 28. Rhf1 Kg7 29. Rf3 Nb4 30. Nc3 Nd5 31. f5 Nxc3 32. bxc3 Rdd6 33. f6+ Kf8 34. Rh1 Rd7 35. b4 b5 36. g5 Rc4 37. Rg3 Rf4 38. Rh2 Rf1+ 39. Kb2 Rf5 40. Kb3 e5 41. c4 e4 42. c3 Kg8 43. cxb5 axb5 44. Ra2 h5 45. Ra8+ Kf7 46. Rh8 Rf3 47. Rg2 e3 48. Ra2 Rf2 49. Raa8 e2 50. Rae8 1-0